| 000 | 00669nam a2200205 a 4500 | ||
|---|---|---|---|
| 005 | 20210219160110.0 | ||
| 008 | 080731s1969 mx r 000 0 spa d | ||
| 035 | _aUPN01000158604 | ||
| 049 | _aUNE | ||
| 080 | _a008. 001.1 (73) =20MAR No.2. | ||
| 100 | 1 | _aMarck, Charles C | |
| 245 | 1 | 0 |
_aA Study of cultural policy in the United States / _cCharles C. Mark. |
| 260 |
_aParís : _bUNESCO, _c1969. |
||
| 300 | _a43 p. | ||
| 440 | 0 |
_aStudies and documents on cultural policies. _pUnited States ; _v2 |
|
| 690 | _aPolítica cultural - Estados Unidos de América | ||
| 690 | _aEstados Unidos de América - Política cultural | ||
| 710 | 2 | _aUNESCO | |
| 905 | _aUNESCO | ||
| 999 |
_c130718 _d130718 |
||